<?xml version="1.0" encoding="UTF-8"?>
<record
    xmlns:xsi="http://www.w3.org/2001/XMLSchema-instance"
    xsi:schemaLocation="http://www.loc.gov/MARC21/slim http://www.loc.gov/standards/marcxml/schema/MARC21slim.xsd"
    xmlns="http://www.loc.gov/MARC21/slim">

  <leader>01695    a2200241   4500</leader>
  <controlfield tag="001">4478</controlfield>
  <controlfield tag="005">20260407155436.0</controlfield>
  <controlfield tag="008">260407a1981    arg                 spa d</controlfield>
  <controlfield tag="003">AR-UNSa-BCEJYS</controlfield>
  <datafield tag="040" ind1=" " ind2=" ">
    <subfield code="a">AR-UNSa-BCEJYS</subfield>
    <subfield code="b">spa</subfield>
    <subfield code="c">AR-UNSa-BCEJYS</subfield>
  </datafield>
  <datafield tag="080" ind1=" " ind2=" ">
    <subfield code="a">658</subfield>
    <subfield code="x">Administraci&#xF3;n de empresas. Organizaci&#xF3;n comercial</subfield>
  </datafield>
  <datafield tag="245" ind1="1" ind2="0">
    <subfield code="a">Principios de administraci&#xF3;n</subfield>
  </datafield>
  <datafield tag="020" ind1=" " ind2=" ">
    <subfield code="a">950-02-5030-6</subfield>
  </datafield>
  <datafield tag="250" ind1=" " ind2=" ">
    <subfield code="a">6a. ed.</subfield>
  </datafield>
  <datafield tag="264" ind1=" " ind2="1">
    <subfield code="a">Buenos Aires :</subfield>
    <subfield code="b">El Ateneo</subfield>
    <subfield code="c">1981</subfield>
  </datafield>
  <datafield tag="300" ind1=" " ind2=" ">
    <subfield code="a">169 p.</subfield>
    <subfield code="c">26 cm.</subfield>
  </datafield>
  <datafield tag="505" ind1=" " ind2=" ">
    <subfield code="a">1. Enfoques para el estudio de la administraci&#xF3;n - 2. Funciones de los administradores - 3. Objetivos - 4. La decisi&#xF3;n en administraci&#xF3;n - 5. Los m&#xE9;todos cuantitativos en la decisi&#xF3;n gerencial - 6. El planeamiento - 7. Pron&#xF3;sticos, premisas, estrategias y planeamiento - 8. Tipos de planes - 9. C&#xF3;mo poner los planes en acci&#xF3;n - 10. Conceptos de organizaci&#xF3;n - 11. Inferencias personales y sociales de la organizaci&#xF3;n - 12. Departamentalizaci&#xF3;n - 13. Autoridad - 14. El personal en la organizaci&#xF3;n - 15. Din&#xE1;mica de la organizaci&#xF3;n - 16. La motivaci&#xF3;n y los gerentes modernos - 17. El mando - 18. La comunicaci&#xF3;n - 19. El liderazgo en la administraci&#xF3;n - 20. Evaluaci&#xF3;n y perfeccionamiento de los gerentes - 21. El control - 22. Controles clave en la administarci&#xF3;n - 23. Controles generales - 24. Control presupuestario y PERT - 25. La administraci&#xF3;n en el extranjero - 26. La administraci&#xF3;n en el futuro</subfield>
  </datafield>
  <datafield tag="942" ind1=" " ind2=" ">
    <subfield code="c">BK</subfield>
  </datafield>
  <datafield tag="590" ind1=" " ind2=" ">
    <subfield code="a">niveau_biblio:m niveau_hierar:0</subfield>
  </datafield>
  <datafield tag="100" ind1="1" ind2=" ">
    <subfield code="a">Terry, George R.</subfield>
  </datafield>
  <datafield tag="700" ind1="1" ind2=" ">
    <subfield code="a">Rue, Leslie</subfield>
  </datafield>
  <datafield tag="856" ind1="4" ind2="1">
    <subfield code="u">https://t3.gstatic.com/images?q=tbn:ANd9GcS4ZGu1iCclbaO5KZdSbqzWnKgxjGq4OWYO_15eV-NHKyL-m4npdQ</subfield>
    <subfield code="y">Imagen de portada</subfield>
    <subfield code="q">image/jpeg</subfield>
  </datafield>
  <datafield tag="999" ind1=" " ind2=" ">
    <subfield code="c">432</subfield>
    <subfield code="d">432</subfield>
  </datafield>
  <datafield tag="952" ind1=" " ind2=" ">
    <subfield code="0">0</subfield>
    <subfield code="1">0</subfield>
    <subfield code="4">0</subfield>
    <subfield code="7">0</subfield>
    <subfield code="a">BCEJYS</subfield>
    <subfield code="b">BCEJYS</subfield>
    <subfield code="c">16</subfield>
    <subfield code="d">2026-04-07</subfield>
    <subfield code="l">0</subfield>
    <subfield code="o">658 T329 6ed.</subfield>
    <subfield code="p">L44109</subfield>
    <subfield code="r">2026-04-07 15:54:36</subfield>
    <subfield code="w">2026-04-07</subfield>
    <subfield code="y">L</subfield>
  </datafield>
  <datafield tag="952" ind1=" " ind2=" ">
    <subfield code="0">0</subfield>
    <subfield code="1">0</subfield>
    <subfield code="4">0</subfield>
    <subfield code="7">0</subfield>
    <subfield code="a">BCEJYS</subfield>
    <subfield code="b">BCEJYS</subfield>
    <subfield code="c">16</subfield>
    <subfield code="d">2026-04-07</subfield>
    <subfield code="l">0</subfield>
    <subfield code="o">658 T329 6ed.</subfield>
    <subfield code="p">L44113</subfield>
    <subfield code="r">2026-04-07 15:54:36</subfield>
    <subfield code="w">2026-04-07</subfield>
    <subfield code="y">L</subfield>
  </datafield>
  <datafield tag="952" ind1=" " ind2=" ">
    <subfield code="0">0</subfield>
    <subfield code="1">0</subfield>
    <subfield code="4">0</subfield>
    <subfield code="7">0</subfield>
    <subfield code="a">BCEJYS</subfield>
    <subfield code="b">BCEJYS</subfield>
    <subfield code="c">16</subfield>
    <subfield code="d">2026-04-07</subfield>
    <subfield code="l">0</subfield>
    <subfield code="o">658 T329 6ed.</subfield>
    <subfield code="p">L44110</subfield>
    <subfield code="r">2026-04-07 15:54:36</subfield>
    <subfield code="w">2026-04-07</subfield>
    <subfield code="y">L</subfield>
  </datafield>
</record>
